[Event "Devecser Esterhazy Memorial op"]
[Site "Devecser"]
[Date "2009.07.05"]
[Round "7"]
[White "Soos, David"]
[Black "Tivolt, Ferenc"]
[Result "0-1"]
[WhiteElo "1751"]
[BlackElo "2058"]
[PlyCount "38"]
[EventDate "2009.07.02"]
[EventType "swiss"]
[EventRounds "7"]
[EventCountry "HUN"]
[SourceTitle "EXT 2011"]
[Source "ChessBase"]
[SourceDate "2010.11.26"]
[SourceVersion "1"]
[SourceVersionDate "2010.11.26"]
[SourceQuality "1"]

1. Nf3 c5 2. c4 Nc6 3. e4 e5 4. Be2 g6 5. 0-0 Bg7 6. Nc3 Nge7 7. d3 d6 8. Bg5 h6 9. Be3 0-0 10. Qd2 Kh7 11. Nd5 f5 12. Nxe7 Qxe7 13. exf5 gxf5 14. g3 Qf6 15. Qc2 Nb4 16. Qb3 f4 17. gxf4 exf4 18. Bd2 Bh3 19. Rfe1 Qg6+ 0-1

[Event "HUN-chT2 Szechenyi 0910"]
[Site "Hungary"]
[Date "2009.05.02"]
[Round "11.8"]
[White "Bors, Sandor"]
[Black "Tivolt, Ferenc"]
[Result "1-0"]
[WhiteElo "2129"]
[BlackElo "2040"]
[PlyCount "53"]
[EventDate "2009.11.08"]
[EventType "team-tourn"]
[EventRounds "11"]
[EventCountry "HUN"]
[SourceTitle "EXT 2011"]
[Source "ChessBase"]
[SourceDate "2010.11.26"]
[SourceVersion "1"]
[SourceVersionDate "2010.11.26"]
[SourceQuality "1"]
[WhiteTeam "Gyor Elektromos"]
[BlackTeam "Zala Volan"]
[WhiteTeamCountry "HUN"]
[BlackTeamCountry "HUN"]

1. e4 c5 2. Nf3 Nc6 3. d4 cxd4 4. Nxd4 e5 5. Nb3 Nf6 6. Bc4 a6 7. Qe2 b5 8. Bd5 Bb7 9. 0-0 Be7 10. Be3 Nxd5 11. exd5 Nb4 12. Bc5 Nxd5 13. Qxe5 0-0 14. Bxe7 Qxe7 15. Qxe7 Nxe7 16. c3 Nf5 17. N1d2 Nh4 18. f3 Rfe8 19. Rfe1 Ng6 20. Nc5 Bc6 21. Kf1 Kf8 22. Rxe8+ Kxe8 23. Re1+ Kd8 24. Nde4 Kc7 25. Ng3 a5 26. Nf5 a4 27. Nxg7 1-0

[Event "HUN-chT2 Szechenyi 0809"]
[Site "Hungary"]
[Date "2009.04.19"]
[Round "11.11"]
[White "Tivolt, Ferenc"]
[Black "Tukacs, Renato"]
[Result "1-0"]
[WhiteElo "2037"]
[BlackElo "1772"]
[PlyCount "37"]
[EventDate "2008.10.26"]
[EventType "team-tourn"]
[EventRounds "11"]
[EventCountry "HUN"]
[SourceTitle "EXT 2010"]
[Source "ChessBase"]
[SourceDate "2010.11.25"]
[SourceVersion "1"]
[SourceVersionDate "2010.11.25"]
[SourceQuality "1"]
[WhiteTeam "Zala Volan"]
[BlackTeam "Keszthely"]
[WhiteTeamCountry "HUN"]
[BlackTeamCountry "HUN"]

1. e4 e5 2. d4 exd4 3. Nf3 Nc6 4. Nxd4 Nxd4 5. Qxd4 Qf6 6. e5 Qc6 7. Nc3 Bc5 8. Qe4 Qxe4+ 9. Nxe4 Bd4 10. f4 f6 11. c3 Bxe5 12. fxe5 fxe5 13. Bc4 Ne7 14. Bg5 Rf8 15. 0-0-0 d6 16. Rhf1 Bf5 17. Ng3 g6 18. Bh6 Rf6 19. Bg7 1-0

[Event "HUN-chT2 Szechenyi 0708"]
[Site "Hungary"]
[Date "2007.12.09"]
[Round "4"]
[White "Bodor, Tamas"]
[Black "Tivolt, Ferenc"]
[Result "1-0"]
[WhiteElo "1939"]
[BlackElo "2100"]
[PlyCount "57"]
[EventDate "2007.10.14"]
[EventType "team"]
[EventRounds "11"]
[EventCountry "HUN"]
[SourceTitle "EXT 2009"]
[Source "ChessBase"]
[SourceDate "2008.11.26"]
[SourceVersion "1"]
[SourceVersionDate "2008.11.26"]
[SourceQuality "1"]
[WhiteTeam "Gyor Komszomol"]
[BlackTeam "Zala Volan"]
[WhiteTeamCountry "HUN"]
[BlackTeamCountry "HUN"]

1. d4 c5 2. Nf3 cxd4 3. Nxd4 Nc6 4. e4 e5 5. Nxc6 bxc6 6. Bd3 Be7 7. 0-0 Nf6 8. h3 d5 9. Nc3 Be6 10. f4 exf4 11. exd5 Nxd5 12. Nxd5 Qxd5 13. Bxf4 Qd4+ 14. Kh1 Qxb2 15. Qf3 0-0 16. Rfb1 Qf6 17. Qe3 Rfe8 18. Be5 Qh4 19. Bg3 Qg5 20. Bf4 Qh5 21. Rb7 Bc5 22. Qg3 Bd5 23. Rab1 Bb6 24. Rd7 Bxa2 25. Rb4 Bd5 26. Rb1 h6 27. Rf1 g5 28. Bd2 Be6 29. Qd6 1-0

[Event "HUN-chT2 Szechenyi 0607"]
[Site "Hungary"]
[Date "2007.05.06"]
[Round "10"]
[White "Szabo, Gabor1111"]
[Black "Tivolt, Ferenc"]
[Result "1/2-1/2"]
[WhiteElo "1851"]
[BlackElo "2093"]
[PlyCount "135"]
[EventDate "2006.11.12"]
[EventType "team"]
[EventRounds "11"]
[EventCountry "HUN"]
[SourceTitle "EXT 2008"]
[Source "ChessBase"]
[SourceDate "2007.11.25"]
[SourceVersion "1"]
[SourceVersionDate "2007.11.25"]
[SourceQuality "1"]
[WhiteTeam "Gyor Komszomol"]
[BlackTeam "Zala Volan"]
[WhiteTeamCountry "HUN"]
[BlackTeamCountry "HUN"]

1. e4 c5 2. c3 d5 3. exd5 Qxd5 4. d4 Nc6 5. Nf3 cxd4 6. cxd4 e5 7. Nc3 Bb4 8. a3 Bxc3+ 9. bxc3 Bg4 10. Be2 exd4 11. cxd4 Nge7 12. Bb2 0-0 13. 0-0 Rfd8 14. Rc1 Bxf3 15. Bxf3 Qb5 16. Ba1 Qa5 17. a4 Qg5 18. Re1 Rd7 19. Rc5 Qg6 20. Bh5 Qd6 21. Rg5 h6 22. Rg3 Nf5 23. Bg4 Nxg3 24. Bxd7 Qxd7 25. hxg3 Rd8 26. Re2 Qd5 27. Qb1 Nxd4 28. Re7 b6 29. Bxd4 Qxd4 30. Rxa7 b5 31. Ra5 Qg4 32. Qxb5 Qe6 33. Qe5 Qb3 34. Ra7 Qb1+ 35. Kh2 Qb6 36. Qc7 Qxc7 37. Rxc7 Rd4 38. a5 Ra4 39. Ra7 f6 40. Kh3 Kh7 41. g4 Kg6 42. g3 h5 43. gxh5+ Kxh5 44. Rxg7 Rxa5 45. f4 Kh6 46. Rg8 Kh7 47. Re8 Kg7 48. g4 Kf7 49. Re3 Kg6 50. Kh4 Ra1 51. f5+ Kf7 52. Kg3 Rg1+ 53. Kf4 Rf1+ 54. Rf3 Rg1 55. Rb3 Rf1+ 56. Kg3 Rg1+ 57. Kf3 Rf1+ 58. Kg2 Rc1 59. Rb7+ Kf8 60. Kg3 Rh1 61. Kf4 Rf1+ 62. Ke4 Rg1 63. Kd5 Re1 64. Rb4 Kf7 65. Rb7+ Kf8 66. Kd6 Re2 67. Kd7 Kf7 68. Kd6+ 1/2-1/2

[Event "HUN-chT2 Szechenyi 0607"]
[Site "Hungary"]
[Date "2007.02.18"]
[Round "5"]
[White "Bauman, Tibor"]
[Black "Tivolt, Ferenc"]
[Result "0-1"]
[WhiteElo "2098"]
[BlackElo "2093"]
[PlyCount "62"]
[EventDate "2006.11.12"]
[EventType "team"]
[EventRounds "11"]
[EventCountry "HUN"]
[SourceTitle "EXT 2008"]
[Source "ChessBase"]
[SourceDate "2007.11.25"]
[SourceVersion "1"]
[SourceVersionDate "2007.11.25"]
[SourceQuality "1"]
[WhiteTeam "Veszprem"]
[BlackTeam "Zala Volan"]
[WhiteTeamCountry "HUN"]
[BlackTeamCountry "HUN"]

1. d4 c5 2. d5 e5 3. e4 g6 4. Nc3 Bg7 5. Nf3 d6 6. Bb5+ Nd7 7. a4 a6 8. Be2 Ne7 9. 0-0 0-0 10. Be3 h6 11. Nd2 f5 12. f4 exf4 13. Bxf4 Ne5 14. Nf3 Nxf3+ 15. Bxf3 g5 16. Be3 f4 17. Bf2 Ng6 18. h3 Ne5 19. Rb1 Qf6 20. Qe2 Bd7 21. Be1 Rab8 22. b4 c4 23. b5 a5 24. Nd1 b6 25. Bf2 Nxf3+ 26. Qxf3 g4 27. hxg4 Qg6 28. Qe2 Bxg4 29. Qd2 Bf3 30. Bxb6 Bxe4 31. Qf2 Rxb6 0-1

[Event "HUN-chT2 Szechenyi 0506"]
[Site "Hungary"]
[Date "2006.02.26"]
[Round "8"]
[White "Tivolt, Ferenc"]
[Black "Barson, Laszlo"]
[Result "0-1"]
[WhiteElo "2116"]
[BlackElo "2089"]
[PlyCount "67"]
[EventDate "2005.10.16"]
[EventType "team"]
[EventRounds "11"]
[EventCountry "HUN"]
[SourceTitle "EXT 2009"]
[Source "ChessBase"]
[SourceDate "2008.11.26"]
[SourceVersion "1"]
[SourceVersionDate "2008.11.26"]
[SourceQuality "1"]
[WhiteTeam "Zala Volan"]
[BlackTeam "Lovo"]
[WhiteTeamCountry "HUN"]
[BlackTeamCountry "HUN"]

1. e4 c5 2. c3 d5 3. exd5 Qxd5 4. d4 Nf6 5. Nf3 e6 6. Be3 Ng4 7. Na3 Nxe3 8. fxe3 cxd4 9. Nb5 Na6 10. exd4 Bd7 11. a4 Be7 12. Be2 0-0 13. 0-0 Bxb5 14. axb5 Nc7 15. Ne5 Nxb5 16. Bc4 Nxc3 17. bxc3 Qd6 18. Bd3 Qc7 19. Qh5 g6 20. Qg4 Bd6 21. Nxg6 hxg6 22. Bxg6 fxg6 23. Qxg6+ Kh8 24. Qxe6 Bxh2+ 25. Kh1 Qh7 26. Qh3 Bf4 27. Rf3 Qxh3+ 28. Rxh3+ Kg7 29. c4 Rh8 30. d5 Bd6 31. Rc1 b6 32. Rcc3 a5 33. Kg1 Rxh3 34. gxh3 0-1

[Event "HUN-chT2 Szechenyi 0506"]
[Site "Hungary"]
[Date "2005.12.04"]
[Round "5"]
[White "Horvath, Gabor1111"]
[Black "Tivolt, Ferenc"]
[Result "1-0"]
[WhiteElo "2098"]
[BlackElo "2116"]
[PlyCount "63"]
[EventDate "2005.10.16"]
[EventType "team"]
[EventRounds "11"]
[EventCountry "HUN"]
[SourceTitle "EXT 2009"]
[Source "ChessBase"]
[SourceDate "2008.11.26"]
[SourceVersion "1"]
[SourceVersionDate "2008.11.26"]
[SourceQuality "1"]
[WhiteTeam "Flesch"]
[BlackTeam "Zala Volan"]
[WhiteTeamCountry "HUN"]
[BlackTeamCountry "HUN"]

1. e4 c5 2. Nf3 Nc6 3. d4 cxd4 4. Nxd4 e5 5. Nb5 d6 6. N1c3 a6 7. Na3 Be6 8. Nc4 Nf6 9. Bg5 Rc8 10. Ne3 Be7 11. a3 Qa5 12. Bxf6 Bxf6 13. Nc4 Bxc4 14. Bxc4 b5 15. Bb3 Nd4 16. 0-0 Nxb3 17. cxb3 Qd8 18. Qd3 Bg5 19. Rfd1 Rc6 20. b4 0-0 21. Qe2 f5 22. Rd3 fxe4 23. Nxe4 Be7 24. Rad1 Qb6 25. Qg4 Rf4 26. Qe6+ Kf8 27. R3d2 Qc7 28. Nc3 Rf6 29. Qb3 Qa7 30. Nd5 Rf7 31. Qh3 Bg5 32. Qxh7 1-0

[Event "HUN-chT2 Szechenyi 0304"]
[Site "Hungary"]
[Date "2004.02.22"]
[Round "8"]
[White "Csaba, Arpad"]
[Black "Tivolt, Ferenc"]
[Result "1/2-1/2"]
[WhiteElo "2215"]
[BlackElo "2100"]
[PlyCount "114"]
[EventDate "2003.09.28"]
[EventType "team"]
[EventRounds "11"]
[EventCountry "HUN"]
[SourceTitle "EXT 2009"]
[Source "ChessBase"]
[SourceDate "2008.11.26"]
[SourceVersion "1"]
[SourceVersionDate "2008.11.26"]
[SourceQuality "1"]
[WhiteTeam "Ajka Banyasz"]
[BlackTeam "Zala Volan"]
[WhiteTeamCountry "HUN"]
[BlackTeamCountry "HUN"]

1. Nf3 c5 2. g3 Nc6 3. Bg2 g6 4. c4 Bg7 5. Nc3 e6 6. 0-0 Nge7 7. d3 d5 8. cxd5 exd5 9. Qb3 0-0 10. e4 d4 11. Ne2 h6 12. a3 Kh7 13. h4 b6 14. Nf4 Rb8 15. Re1 Qd6 16. Bd2 Bg4 17. Nh2 Bd7 18. Qc2 a5 19. Rab1 Rbc8 20. Qb3 Ne5 21. Bh3 c4 22. dxc4 Nxc4 23. Rbd1 a4 24. Qb4 Bxh3 25. Qxd6 Nxd6 26. Nxh3 Nc4 27. Bb4 Rfe8 28. Re2 Nc6 29. Nf4 Nxb4 30. axb4 b5 31. Nd3 g5 32. hxg5 hxg5 33. g4 Re7 34. Nf3 Kg6 35. e5 Rce8 36. Rde1 f6 37. e6 f5 38. Nfe5+ Nxe5 39. Nxe5+ Bxe5 40. gxf5+ Kxf5 41. Rxe5+ Kf6 42. Rxb5 Rxe6 43. Rxe6+ Kxe6 44. Kf1 Rc8 45. Ke2 Rc2+ 46. Kd3 Rxf2 47. Rxg5 Rxb2 48. Rb5 a3 49. Kxd4 a2 50. Rb6+ Kf5 51. Ra6 Rxb4+ 52. Kc3 Re4 53. Rxa2 Kf6 54. Ra5 Kf7 55. Ra6 Ke7 56. Kd3 Re6 57. Rxe6+ Kxe6 1/2-1/2

[Event "HUN-chT2 Szechenyi 0304"]
[Site "Hungary"]
[Date "2004.02.08"]
[Round "7"]
[White "Tivolt, Ferenc"]
[Black "Papp, Nandor"]
[Result "0-1"]
[WhiteElo "2100"]
[BlackElo "2140"]
[PlyCount "164"]
[EventDate "2003.09.28"]
[EventType "team"]
[EventRounds "11"]
[EventCountry "HUN"]
[SourceTitle "EXT 2009"]
[Source "ChessBase"]
[SourceDate "2008.11.26"]
[SourceVersion "1"]
[SourceVersionDate "2008.11.26"]
[SourceQuality "1"]
[WhiteTeam "Zala Volan"]
[BlackTeam "Nagykanizsa II"]
[WhiteTeamCountry "HUN"]
[BlackTeamCountry "HUN"]

1. e4 e5 2. d4 exd4 3. Nf3 Bb4+ 4. Bd2 Qe7 5. Bd3 Bxd2+ 6. Nbxd2 c5 7. 0-0 Nc6 8. c3 dxc3 9. bxc3 d6 10. Rb1 Nf6 11. Re1 0-0 12. Nc4 Bg4 13. Qb3 Bxf3 14. gxf3 Ne5 15. Nxe5 Qxe5 16. Qxb7 Qxc3 17. Re3 Qd4 18. Rd1 Qa4 19. Be2 Rad8 20. Qb2 Rb8 21. Qd2 Rb6 22. e5 dxe5 23. Rxe5 Qa3 24. Rg5 g6 25. Rg3 Qb2 26. Bc4 Qxd2 27. Rxd2 Rb1+ 28. Kg2 Rc1 29. Bb3 c4 30. Rc2 Rxc2 31. Bxc2 Rb8 32. f4 Nd5 33. Be4 Nxf4+ 34. Kf3 Nh5 35. Rg1 Nf6 36. Rc1 Rb2 37. Rxc4 Rxa2 38. Bc6 Ra3+ 39. Kg2 Kg7 40. h3 Ra5 41. Bb7 Rg5+ 42. Kh2 a5 43. Rc7 Rf5 44. Kg2 Nd5 45. Rd7 Nf4+ 46. Kg3 Ne6 47. Bd5 Nc5 48. Rd8 Kf6 49. Bc6 h5 50. h4 Ne6 51. Ra8 Rc5 52. Bd7 Rc3+ 53. Kh2 Rc4 54. Kg3 Rg4+ 55. Kf3 Rxh4 56. Bxe6 fxe6 57. Rxa5 g5 58. Ra8 g4+ 59. Kg2 Rh3 60. Rf8+ Ke5 61. Rh8 Ke4 62. Rh6 e5 63. Rh8 Kd5 64. Rd8+ Ke6 65. Re8+ Kf6 66. Rh8 e4 67. Rf8+ Ke5 68. Re8+ Kd4 69. Rd8+ Kc3 70. Re8 Kd3 71. Rd8+ Ke2 72. Re8 e3 73. fxe3 Rxe3 74. Rh8 Re5 75. Rh7 Ke3 76. Kg3 Ke4 77. Rh8 Rf5 78. Kh4 Kf3 79. Ra8 Kg2 80. Ra2+ Rf2 81. Ra3 Kh2 82. Kxh5 g3 0-1

[Event "HUN-chT2 Szechenyi 0203"]
[Site "Hungary"]
[Date "2003.02.16"]
[Round "7"]
[White "Tivolt, Ferenc"]
[Black "Mihalyfi, Gabor"]
[Result "0-1"]
[WhiteElo "2106"]
[BlackElo "2128"]
[PlyCount "120"]
[EventDate "2002.09.22"]
[EventType "team"]
[EventRounds "11"]
[EventCountry "HUN"]
[SourceTitle "EXT 2009"]
[Source "ChessBase"]
[SourceDate "2008.11.26"]
[SourceVersion "1"]
[SourceVersionDate "2008.11.26"]
[SourceQuality "1"]

1. e4 e6 2. d4 d5 3. e5 c5 4. c3 Nc6 5. Nf3 cxd4 6. cxd4 Bb4+ 7. Nc3 f6 8. Be3 fxe5 9. dxe5 Nge7 10. Bd3 Nf5 11. Bxf5 exf5 12. 0-0 Bxc3 13. bxc3 0-0 14. Bc5 Re8 15. Bd6 Be6 16. Rb1 b6 17. Re1 Rc8 18. h4 h6 19. Qd3 Qd7 20. a4 Na5 21. Nd4 Rc4 22. Rbd1 Rxa4 23. Nxe6 Qxe6 24. Qxd5 Qxd5 25. Rxd5 Rxh4 26. e6 Re4 27. Rxe4 fxe4 28. e7 Nc4 29. Bb4 a5 30. Rd4 axb4 31. Rxc4 bxc3 32. Rxc3 Rxe7 33. Rc6 b5 34. Rb6 Re5 35. Kf1 h5 36. Ke2 h4 37. Ke3 Rf5 38. Re6 Kf7 39. Rxe4 g5 40. Rd4 Ke6 41. Rd8 Rc5 42. Ra8 Kd6 43. Kf3 Kd5 44. Kg4 Kc4 45. f4 gxf4 46. Kxh4 Rf5 47. Kg4 Rf7 48. Kf3 b4 49. Rc8+ Kd3 50. Rb8 Kc3 51. Rc8+ Kb2 52. Rb8 b3 53. Rb4 Kc3 54. Rb8 b2 55. Rc8+ Kb3 56. Rb8+ Kc2 57. Rc8+ Kb1 58. Rb8 Rg7 59. Kxf4 Rxg2 60. Ke3 Kc1 0-1

[Event "HUN-chT2 Szechenyi 0203"]
[Site "Hungary"]
[Date "2002.12.08"]
[Round "4"]
[White "Zorkoczy, Gyorgy"]
[Black "Tivolt, Ferenc"]
[Result "1/2-1/2"]
[WhiteElo "2046"]
[BlackElo "2106"]
[PlyCount "53"]
[EventDate "2002.09.22"]
[EventType "team"]
[EventRounds "11"]
[EventCountry "HUN"]
[SourceTitle "EXT 2009"]
[Source "ChessBase"]
[SourceDate "2008.11.26"]
[SourceVersion "1"]
[SourceVersionDate "2008.11.26"]
[SourceQuality "1"]

1. d4 c5 2. d5 e5 3. c4 g6 4. Nc3 d6 5. e4 Bg7 6. Bd3 Na6 7. a3 Nc7 8. Nge2 Ne7 9. 0-0 0-0 10. f4 f5 11. Qc2 fxe4 12. Nxe4 b5 13. b3 Bg4 14. Bb2 bxc4 15. bxc4 Nf5 16. fxe5 Rb8 17. Rab1 dxe5 18. h3 Ne3 19. Rxf8+ Qxf8 20. Qc1 Bh6 21. Bxe5 Bxe2 22. Bxe2 Rxb1 23. Qxb1 Ne8 24. Qb8 Nf5 25. d6 Be3+ 26. Kh2 Nfxd6 27. Bxd6 1/2-1/2

[Event "HUN-chT2 Szechenyi 0203"]
[Site "Hungary"]
[Date "2002.11.24"]
[Round "3"]
[White "Tivolt, Ferenc"]
[Black "Vegh, Istvan"]
[Result "1-0"]
[WhiteElo "2106"]
[BlackElo "1896"]
[PlyCount "107"]
[EventDate "2002.09.22"]
[EventType "team"]
[EventRounds "11"]
[EventCountry "HUN"]
[SourceTitle "EXT 2009"]
[Source "ChessBase"]
[SourceDate "2008.11.26"]
[SourceVersion "1"]
[SourceVersionDate "2008.11.26"]
[SourceQuality "1"]

1. e4 d5 2. exd5 Qxd5 3. Nc3 Qd8 4. Bc4 e6 5. Nf3 Nf6 6. d4 Be7 7. Bf4 c6 8. Qd2 b5 9. Bd3 Bb7 10. h4 Bb4 11. a3 Qa5 12. 0-0 Bxc3 13. Qxc3 Qxc3 14. bxc3 Nd5 15. Bd2 Nb6 16. Ng5 N8d7 17. Ne4 Ke7 18. Bf4 Nf6 19. Nd6 Ba6 20. a4 Nfd5 21. Bg3 Nxc3 22. axb5 Bxb5 23. Nxb5 Nxb5 24. Rfb1 Rhd8 25. Bxb5 cxb5 26. Rxb5 Nd5 27. c4 Nc3 28. Rb7+ Rd7 29. Rxd7+ Kxd7 30. Kf1 a5 31. Rc1 Ne4 32. Bf4 a4 33. Ra1 a3 34. f3 Nf6 35. Ke2 Kc6 36. Ra2 Nd7 37. Kd3 Nb6 38. Bc1 Ra4 39. Rxa3 Rxc4 40. Bf4 f6 41. Ra7 e5 42. Be3 Ra4 43. d5+ Kb5 44. Bxb6 Rxh4 45. Bf2 Rh1 46. Rxg7 Rd1+ 47. Ke4 Rd2 48. Be3 Re2 49. g4 h5 50. Rb7+ Kc4 51. Rc7+ Kb5 52. d6 hxg4 53. d7 f5+ 54. Kd3 1-0

[Event "Pannon Cup 2nd"]
[Site "Kaposvar "]
[Date "2000.07.19"]
[Round "7"]
[White "Neber, Zsolt"]
[Black "Tivolt, Ferenc"]
[Result "1-0"]
[WhiteElo "2075"]
[BlackElo "2118"]
[PlyCount "107"]
[EventDate "2000.07.13"]
[EventType "swiss"]
[EventRounds "9"]
[EventCountry "HUN"]
[SourceTitle "EXT 2004"]
[Source "ChessBase"]
[SourceDate "2003.11.25"]
[SourceVersion "1"]
[SourceVersionDate "2003.11.25"]
[SourceQuality "1"]

1. e4 c5 2. c3 Qa5 3. Nf3 Nc6 4. d4 cxd4 5. Nxd4 Nf6 6. Nxc6 dxc6 7. Bd3 e5 8. 0-0 Be7 9. h3 Be6 10. Be3 Nd7 11. Qc2 Rd8 12. Nd2 0-0 13. Rfd1 g6 14. Bh6 Rfe8 15. b4 Qc7 16. a3 Nf6 17. Bc4 Rxd2 18. Rxd2 Bxc4 19. Rad1 Nh5 20. Rd7 Qc8 21. Qd2 Bb3 22. Rb1 Be6 23. Rd3 f5 24. f3 f4 25. Qf2 Ng3 26. Qxa7 g5 27. Qa5 Bf6 28. Bxg5 Bxg5 29. Qxe5 Bh6 30. Qf6 Bc4 31. Rd6 Ne2+ 32. Kh2 Bg7 33. Qg5 Kh8 34. Rbd1 Nxc3 35. Rd7 Be5 36. Rd8 Bg7 37. Rxc8 Rxc8 38. Rd8+ Rxd8 39. Qxd8+ Bg8 40. Qb8 Ne2 41. Qxb7 Bd4 42. Qxc6 Ng3 43. h4 h5 44. Qh6+ Bh7 45. Qxf4 Nf1+ 46. Kh3 Be3 47. Qf7 Nd2 48. Qxh5 Kg7 49. Qe5+ Kf7 50. Qd5+ Kg7 51. Qd3 Bh6 52. g4 Bf4 53. g5 Bg8 54. Kg4 1-0

[Event "HUN-chT2 9900"]
[Site "Hungary"]
[Date "2000.03.26"]
[Round "10"]
[White "Schenkerik, Csaba"]
[Black "Tivolt, Ferenc"]
[Result "1-0"]
[WhiteElo "2140"]
[BlackElo "2131"]
[PlyCount "41"]
[EventDate "1999.09.26"]
[EventType "team"]
[EventRounds "11"]
[EventCountry "HUN"]
[SourceTitle "EXT 2002"]
[Source "ChessBase"]
[SourceDate "2001.11.25"]
[SourceVersion "1"]
[SourceVersionDate "2001.11.25"]
[SourceQuality "1"]

1. e4 c5 2. Nf3 Nc6 3. d4 cxd4 4. Nxd4 e5 5. Nxc6 bxc6 6. Bd3 Bc5 7. 0-0 Ne7 8. Kh1 Ng6 9. Qh5 Qb6 10. Nd2 Ba6 11. f4 0-0-0 12. fxe5 Rde8 13. e6 Rxe6 14. Bxa6+ Qxa6 15. Qxc5 Rxe4 16. Nxe4 Qxf1+ 17. Qg1 Qe2 18. Nd6+ Kb8 19. Be3 Qxc2 20. Bxa7+ Ka8 21. Qb6 1-0

[Event "Pannon Cup 2nd"]
[Site "Kaposvar "]
[Date "2000.??.??"]
[Round "2"]
[White "Tivolt, Ferenc"]
[Black "Volosin, Vladimir"]
[Result "0-1"]
[WhiteElo "2115"]
[BlackElo "2320"]
[PlyCount "82"]
[EventDate "2000.07.13"]
[EventType "swiss"]
[EventRounds "9"]
[EventCountry "HUN"]
[SourceTitle "EXT 2004"]
[Source "ChessBase"]
[SourceDate "2003.11.25"]
[SourceVersion "1"]
[SourceVersionDate "2003.11.25"]
[SourceQuality "1"]

1. e4 c6 2. d4 d5 3. exd5 cxd5 4. Bd3 Nc6 5. c3 Nf6 6. Bg5 Bg4 7. f3 Bh5 8. Ne2 e6 9. Nd2 Bd6 10. Nf1 Bg6 11. Ne3 Qc7 12. h4 Nh5 13. Bxg6 hxg6 14. Ng4 Ng3 15. Rh3 Nf5 16. Qd3 f6 17. Bd2 Rxh4 18. Rxh4 Nxh4 19. 0-0-0 0-0-0 20. Rh1 Nf5 21. f4 Kb8 22. Rh7 Qf7 23. Rh3 Qg8 24. Rh1 Be7 25. Rh3 Nd6 26. Nf2 Nc4 27. Be1 Rc8 28. Kb1 Qd8 29. Nc1 Qb6 30. Nd1 Na3+ 31. Ka1 Nxd4 32. b3 Ndc2+ 33. Kb2 d4 34. Bd2 a5 35. Qf1 a4 36. Qd3 f5 37. Ne2 Bf6 38. Kc1 axb3 39. axb3 Qxb3 40. Nb2 Qa2 41. Kd1 Qxb2 0-1

[Event "Zalakaros op 18th"]
[Site "Zalakaros"]
[Date "1999.05.18"]
[Round "7"]
[White "Tivolt, Ferenc"]
[Black "Pal, Peter"]
[Result "1-0"]
[WhiteElo "2124"]
[BlackElo "2255"]
[PlyCount "59"]
[EventDate "1999.05.??"]
[EventType "swiss"]
[EventRounds "9"]
[EventCountry "HUN"]
[SourceTitle "EXT 2000"]
[Source "ChessBase"]
[SourceDate "1999.11.16"]
[SourceVersion "1"]
[SourceVersionDate "1999.11.16"]
[SourceQuality "1"]

1. e4 c5 2. Nf3 Nc6 3. c3 d6 4. d4 Nf6 5. Be2 g6 6. d5 Nb8 7. Bf4 Bg7 8. Nbd2 0-0 9. h3 e6 10. dxe6 fxe6 11. Be3 Qc7 12. Qb3 Kh8 13. Nh2 Nc6 14. f4 b6 15. 0-0 Bb7 16. Rae1 Rae8 17. g4 d5 18. e5 Nd7 19. Ndf3 Ncxe5 20. fxe5 Nxe5 21. Qc2 d4 22. cxd4 Nxf3+ 23. Bxf3 Bxf3 24. Rxf3 Rxf3 25. Nxf3 Rf8 26. Qg2 Rd8 27. dxc5 Rd3 28. Ng5 Bf6 29. Nxe6 Qb8 30. c6 1-0

[Event "HUN-chT2 9899"]
[Site "Hungary"]
[Date "1999.??.??"]
[Round "?"]
[White "Geroly, Jozsef"]
[Black "Tivolt, Ferenc"]
[Result "1/2-1/2"]
[WhiteElo "2190"]
[BlackElo "2160"]
[PlyCount "100"]
[EventDate "1998.??.??"]
[EventType "team"]
[EventRounds "12"]
[EventCountry "HUN"]
[SourceTitle "EXT 2000"]
[Source "ChessBase"]
[SourceDate "1999.11.16"]
[SourceVersion "1"]
[SourceVersionDate "1999.11.16"]
[SourceQuality "1"]

1. Nf3 c5 2. g3 Nc6 3. d4 cxd4 4. Nxd4 e5 5. Nxc6 bxc6 6. Bg2 g6 7. c4 Rb8 8. Nc3 Qc7 9. 0-0 Bg7 10. b3 Nf6 11. Ba3 Bf8 12. Bxf8 Kxf8 13. Qd2 Kg7 14. Rad1 Re8 15. c5 Qa5 16. Qd6 Ba6 17. Rc1 Rb4 18. Rfd1 Re6 19. Qd2 Rd4 20. Qe1 Qxc5 21. Ne4 Qb5 22. Nxf6 Rxf6 23. e3 Rxd1 24. Rxd1 d5 25. Qc3 Re6 26. Bh3 Re7 27. Rc1 Bb7 28. a4 Qb6 29. a5 Qc7 30. b4 a6 31. Qc5 f5 32. Bf1 Qd7 33. Qb6 Qc7 34. Qa7 Qd6 35. Rc5 d4 36. Bxa6 Bxa6 37. Qxa6 dxe3 38. fxe3 Qd2 39. Qxc6 Qe1+ 40. Kg2 Qe2+ 41. Kg1 Qxe3+ 42. Kf1 Qd3+ 43. Kf2 Qd2+ 44. Kf1 Qd1+ 45. Kg2 e4 46. Qd5 Qe2+ 47. Kg1 Qe1+ 48. Kg2 Qxb4 49. a6 Qb2+ 50. Kf1 Rf7 1/2-1/2